Atlántico Sur

Durante milenios, los humanos arriesgaron su vida para llegar una y otra vez a uno de los lugares más enigmáticos del extremo sur del Atlántico: a poco menos de 40 km de la isla Grande de Tierra del Fuego, la Isla de los Estados continúa siendo una zona de difícil acceso. Acompañados por la narració...

Descripción completa

Guardado en:
Autor Principal: Molina Montecinos; Antonio.
Autores Corporativos: Canal Encuentro., RTA Radio y televisión argentina., Antártica Films.
Otros Autores: Moreno, Ariadna; Producción ejecutiva., Molina, Antonio; Prodcción Ejecutiva., Roth, Cecilia; Narración.
Formato: Deslizar
Idioma:Undetermined
Publicado: Buenos Aires, 2015.
Series:Disco 2
Materias:
Acceso en línea:https://encuentro.gob.ar/programas/serie/8741/
Etiquetas: Agregar Etiqueta
Sin Etiquetas, Sea el primero en etiquetar este registro!
LEADER 02002ngm a22003735a 4500
001 CEM.cems019836
008 221107s2015####ag#---############vlund#d
005 20221107215159.0
245 1 0 |a Atlántico Sur  |h [videograbación] /  |c Antonio Molina Montecinos. 
260 |a Buenos Aires,  |c 2015. 
300 |a 42'. 
490 1 |a Disco 2 
538 |a Soporte: DVD -- Formato: AVI -- Peso: 2.02gb -- Resolución: 720 x 576 -- 25fps 
505 0 |a 06. Estuario de Bahía Blanca -- 07. Golfo San Matías -- 08. Puerto Deseado -- 09. Especies migratorias -- Duración aproximada por capítulo 42 minutos. Duración total aproximada: 2 horas 50 minutos 
520 |a Durante milenios, los humanos arriesgaron su vida para llegar una y otra vez a uno de los lugares más enigmáticos del extremo sur del Atlántico: a poco menos de 40 km de la isla Grande de Tierra del Fuego, la Isla de los Estados continúa siendo una zona de difícil acceso. Acompañados por la narración de Cecilia Roth e imágenes de última generación tecnológica, nos adentramos en este territorio de riqueza incalculable, de múltiples caras, lleno de historias y secretos, que atrajo durante siglos a navegantes y exploradores. 
590 |a Identificación anterior: D 228 B 
100 1 |a Molina Montecinos; Antonio. 
700 1 |a Moreno, Ariadna; Producción ejecutiva. 
700 1 |a Molina, Antonio; Prodcción Ejecutiva. 
700 1 |a Roth, Cecilia; Narración. 
710 2 |a Canal Encuentro. 
710 2 |a RTA Radio y televisión argentina. 
710 2 |a Antártica Films. 
653 |a GEOGRAFÍA 
653 |a GEOGRAFÍA ARGENTINA 
653 |a ESTUARIO DE BAHÍA BLANCA 
653 |a GOLFO SAN MATÍAS 
653 |a PUERTO DESEADO 
653 |a ESPECIES MIGRATORIAS 
653 |a SUELO SUBACUÁTICO 
653 |a ECOSISTEMAS SUBMARINOS 
653 |a CECILIA ROTH 
856 |u https://encuentro.gob.ar/programas/serie/8741/ 
859 |a CEMS  |b BIB. CEMS - Depto. Recursos Didacticos  |h 918.2  |i MOL-1  |k DRD  |p 2925.22  |t Ej.1